000 00352nam a2200157Ia 4500
008 160105s9999 xx 000 0 und d
110 _aOffice national des statistiques
245 _aL'Algérie en quelques chiffres
260 _aAlger
260 _bONS
260 _c2010
300 _bill.
942 _c09
994 _a126511
999 _c25737
_d53735